ʻUmar qatalatū al-rujulah : Omar Gatlato = Omar it-kills-him /

A film about the life of a romantic would-be macho man in Algeria.

Bibliographic Details
Corporate Authors: Algeria. Dīwān al-Qawmī lil-Tijār wa-al-Ṣināʻah al-Sīnimāʼīyah, Arab Film Distribution
Other Authors: Allouache, Merzak, Bannānī, Bū ʻAlām, Daqqah, ʻAzīz
Format: Video VHS
Language:Arabic
Language Notes:Arabic (Algerian dialect) with English subtitles.
Subjects:

MARC

Tag First Indicator Second Indicator Subfields
LEADER 00000cgm a2200000Ma 4500
001 in00002127421
005 20151103063345.0
007 vf cbahou
008 971029p199u1976wau090 e vlara d
035 |a (OCoLC)ocm56976855 
040 |a VWM  |c STF  |d OCLCQ  |d TXA  |d UtOrBLW 
041 1 |a ara  |j eng 
043 |a f-ae--- 
049 |a TXAM 
050 4 |a PN1997  |b .U435 1990z 
090 |a PN1995.9.F67  |b U427 1990z 
245 0 0 |a ʻUmar qatalatū al-rujulah :  |b Omar Gatlato = Omar it-kills-him /  |c al-Dīwān al-qawmī lil-tijār wa-al-ṣināʻah al-sīnimāʼīyah yaqdamu ; sīnārīyū wa-ikhrāj Mirzāq ʻAlwāsh. 
246 3 1 |a Omar Gatlato 
246 3 1 |a Omar it-kills-him 
264 2 |a Seattle, WA :  |b Arab Film Distribution,  |c [between 1990 and 1999?] 
300 |a 1 videocassette (90 min.) :  |b sound, color ;  |c 1/2 in. 
336 |a two-dimensional moving image  |b tdi  |2 rdacontent 
337 |a video  |b v  |2 rdamedia 
338 |a videocassette  |b vf  |2 rdacarrier 
538 |a VHS. 
546 |a Arabic (Algerian dialect) with English subtitles. 
511 1 |a Bū ʻAlām Bannānī, ʻAzīz Daqqah. 
508 |a al-Taṣwīr, Ismāʻīl al-Akhḍar Ḥamīnah ; tarkīb, Mufīdah Atlātlī ; mūsīqá, Aḥmad Mālik. 
500 |a Originally released as a motion picture in 1976. 
500 |a A foreign film (Algeria). 
520 |a A film about the life of a romantic would-be macho man in Algeria. 
500 |a Videorecording. 
655 0 |a Foreign films. 
650 0 |a Machismo  |z Algeria  |v Drama. 
651 0 |a Algeria  |x Social life and customs  |v Drama. 
655 0 |a Motion pictures, Arab. 
655 7 |a Feature films.  |2 lcgft 
700 1 |a Allouache, Merzak. 
700 1 |a Bannānī, Bū ʻAlām. 
700 1 |a Daqqah, ʻAzīz. 
710 1 |a Algeria.  |b Dīwān al-Qawmī lil-Tijār wa-al-Ṣināʻah al-Sīnimāʼīyah. 
710 2 |a Arab Film Distribution. 
948 |a cataloged  |b h  |c 2006/5/12  |d c  |e mphillip  |f 11:52:05 am 
994 |a C0  |b TXA 
999 |a MARS 
999 f f |s 2adc4901-384a-3fb4-baf8-ae1f26b333ec  |i 735b6a55-8c2b-3ffa-aee8-ae0bdb8fb3ea  |t 0